Lucent's General science/ (Record no. 180491)

MARC details
000 -LEADER
fixed length control field 00690nam a22002297a 4500
005 - DATE AND TIME OF LATEST TRANSACTION
control field 20250620142208.0
010 ## - LCCN (DPL NO)
LC control number ENG-129772 ENG-145484
020 ## - INTERNATIONAL STANDARD BOOK NUMBER
International Standard Book Number 9789384761141
Terms of availability 250.00
020 ## - INTERNATIONAL STANDARD BOOK NUMBER
Terms of availability 325.00
035 ## - SYSTEM CONTROL NUMBER
System control number EN-113304
035 ## - SYSTEM CONTROL NUMBER
System control number EN-129016
037 ## - SOURCE OF ACQUISITION
Source of stock number/acquisition DBAD
082 ## - DEWEY DECIMAL CLASSIFICATION NUMBER
Classification number 500
100 ## - MAIN ENTRY--PERSONAL NAME
Personal name Sunil Kumar singh
245 ## - TITLE STATEMENT
Title Lucent's General science/
Statement of responsibility, etc by Sunil Kumar Singh , R.P. Suman and Renu Sinha
260 ## - PUBLICATION, DISTRIBUTION, ETC. (IMPRINT)
Place of publication, distribution, etc Patna
Name of publisher, distributor, etc Lucent Publication
Date of publication, distribution, etc 2021
270 ## - ADDRESS
Address New Bypass Road, Ashochak,
City Patna
Postal code 800030
Telephone number 09934016609
300 ## - PHYSICAL DESCRIPTION
Extent vp.
Dimensions 27cm(pbk)
Other physical details ill.
700 ## - ADDED ENTRY--PERSONAL NAME
Personal name Suman,R.P
9 (RLIN) 82192
700 ## - ADDED ENTRY--PERSONAL NAME
Personal name Sinha,Renu
9 (RLIN) 82193
942 ## - ADDED ENTRY ELEMENTS (KOHA)
Source of classification or shelving scheme Dewey Decimal Classification
Item type English Books
Classification part 500
Call number suffix SUN
Holdings
Withdrawn status Lost status Not for loan Collection code Home library Current library Date acquired Source of acquisition Cost, normal purchase price Full call number Barcode Copy number Cost, replacement price Koha item type
      Non-fiction D.B.Act.Division D.B.Act.Division 10/08/2021 DBAD /PUB 250.00 500 SUN EN-113304 1 250.00 English Books
      Non-fiction Mobile Library Mobile Library 20/06/2025 Delivery of Books Act Division 325.00 500 SUN EN-129016 1 325.00 English Books

© Delhi Public Library
Hit Counter
free hit counter